Brainrot Quiz dla specjalistów - Statystyki

Ogólne statystyki
  • Ten quiz został rozwiązany 22 razy
  • Średni wynik to 3 z 6
Statystyki odpowiedzi
Obrazkowy Odpowiedź % Poprawnych
Tung Tung Tung Sahur
100%
Tralalero Tralala
76%
Bombardilo Crocodilo
62%
Józefito
10%
Simpito
10%
Komentarito
5%
Nie znaleziono quizów pasujących do podanych kryteriów
Rozkład punktacji
Procent ludzi z każdym wynikiem
Percentyl według liczby udzielonych odpowiedzi
Twoja historia wyników
Nie rozwiązałeś tego quizu